German Supermarkets Quiz - Statistics

General Stats
  • This quiz has been taken 62 times
  • The average score is 8 of 14
Answer Stats
Answer % Correct
7 Lidl
95%
6 Rewe
79%
1 Aldi Nord
77%
1 Aldi Süd
77%
3 Edeka
70%
7 Kaufland
68%
3 Netto
64%
6 Penny
63%
7 Penny
63%
5 Norma
41%
8 Spar
23%
4 Tegut
18%
6 Billa
16%
2 Famila
2%
No matching quizzes found
Score Distribution
Percent of People with Each Score
Percentile by Number Answered
Your Score History
You have not taken this quiz